000
00293 a2200109 4500
999
_c
13211
_d
13211
008
250404b ||||| |||| 00| 0 eng d
020
_a
9789354972256
100
_a
Meenakshi Raman, Sangeeta Sharma
245
_a
Technical Communication
260
_b
Oxford University Press
_c
2017
942
_2
ddc